000 01722nam a2200301 i 4500
003 DO-SdBNP
005 20250529073012.0
007 ta
008 250528b2024 dr ||||| |||| 00| 0 spa d
020 _a9789945947922
040 _aDO-SdBNP
_bspa
_cBNPHU
_erda
082 _axxx
_bP925
_222
110 1 _aBanco de Reservas de la República Dominicana /
_96285
245 0 0 _aPremio Banreservas de Relatos de Jazz /
_cjurado, Aurora Arias, César Namnúm, Elizabeth Villamán
264 _aSanto Domingo :
_bEditora Búho,
_c2024.
300 _a125 páginas :
_c23 cm.
336 _atexto
_btxt
_2rdacontent
337 _asin mediación
_bn
_2rdamedia
338 _atexto
_btxt
_2rdacontent
500 _aEste libro es un producto cultural de distribución gratuita. Prohibida su venta.
505 0 _gPrimer lugar --
_tBesos de ámbar --
_rRoxanna Delgado Boyá (seudónimo Conejo en croma) /
_gSegundo lugar --
_tPróxima estación --
_rVladimir Tatis (seudónimo Alteamar) /
_gTercer lugar --
_tEl jazzista --
_rCherny Reyes (seudónimo Sassenach) /
_gMenciones (en orden alfabético del título del relato) --
_tFrito --
_rSady Feliz (seudónimo Jaula de amor) /
_tLa nota discordante --
_rSandra Tavárez (seudónimo Mara) /
_tMemorias que se sienten como el jazz --
_rArianna Bastardo Manzueta (seudónimo Shyra) /
_tTavito en el Olimpo --
_rLuisa Rebecca Valentín (seudónimo Dexter Gordon) /
_tTú, ¿qué creías? --
_rIsidro Jiménez Guillén (seudónimo anderson MacAnderson Andersen /
590 _aInventariado, 2025/ YL
700 1 _aArias, Aurora
_ejurado
_4jur.
_923145
700 1 _aNamnúm, César
_ejurado
_4jur.
_925170
700 1 _aVillamán, Elizabeth
_ejurado
_4jur.
_943508
910 _aYLockward
942 _2ddc
_cLBS1
999 _c58509
_d58509